01229nam a2200289 i 4500003000900000005001700009007000300026008004100029040003000070082002200100100003700122245009100159264003800250300002800288336002700316337003300343338002800376490002700404490003800431500023700469590002700706700004300733910001400776942001400790952011800804999001700922DO-SdBNP20230908085940.0ta110525s1986 dr 001 spa d aDO-SdBNPbspacBNPHUerda axxxxxbxxxxx2xxx aCamilo de Cuello, Lourdes91308110aCatálogo de libros dominicanos /cLourdes Camilo de Cuello, Federico Alberto Cuello  1aSanto Domingo : bTaller, c1986. a100 páginas c27 cm.  2rdacontentatextobtxt 2rdamediaasin mediaciónbn 2rdacarrieravolumenbnc1 aBiblioteca Tallerv2271 aCatalogo de libros dominicanosv6 acolaboración: Academia Dominicana de la Historia, Fundación Rodríguez Demorizi, Obras de don Emilio Demorizi, Sociedad Dominicana de Geografía, Casa de Teatro, Universidad Nacional Pedro Henríquez Ureña, otros editores.  aInventariado, 2023/ YL1 aCuello, Federico Albertoeautor984076 aYLockward 2ddccLBS1 00102ddc51708PDaBNPHUbBNPHUcCTd2013-09-02eIntecl0oxxxxx xxxxxp2023-5690r2023-09-08w2023-09-08yLBS1 c54649d54649